000 00833nam a22002657a 4500
001 BR8108085
003 BR-BrBNA
005 20230928091134.0
007 ta
008 230509b bl.||||| |||| 00| 0 por d
040 _aBR-BrBNA
_bpor
_cBiblioteca Nacional de Agricultura
041 _a(Por)
072 _aU20; E30
_b/G514
090 _ U20 BR8108085
100 1 _aAlmeida, I.M. de S.
110 1 _aSecretaria de Coordenacao e Planejamento, Sao Luis, MA (Brasil)
_98719
245 1 _aEntradas oficiais para Autores Corporativos do SINPLA [Sistema de Informacao para o Planejamento do Estado do Maranhao, Brasil]
260 3 _aSao Luis, MA (Brasil):
_c1981.
300 _a67 p.
650 _aDOCUMENTACAO
650 _aMARANHAO
650 _aPLANEJAMENTO AGRICOLA
909 _a202309
_bLucia
_c55
_dLucia Elande
942 _cBK
999 _c32428
_d32428